Approaches to Quantitative Research: (Record no. 9368)

MARC details
000 -LEADER
fixed length control field 00605nam a22001937a 4500
003 - CONTROL NUMBER IDENTIFIER
control field OSt
005 - DATE AND TIME OF LATEST TRANSACTION
control field 20240912091641.0
008 - FIXED-LENGTH DATA ELEMENTS--GENERAL INFORMATION
fixed length control field 240912b |||||||| |||| 00| 0 eng d
020 ## - INTERNATIONAL STANDARD BOOK NUMBER
International Standard Book Number 9781781190586
040 ## - CATALOGING SOURCE
Original cataloging agency MUST
Transcribing agency DDC
082 ## - DEWEY DECIMAL CLASSIFICATION NUMBER
Classification number 001.4 APP 2014
100 ## - MAIN ENTRY--PERSONAL NAME
Personal name Edited Helen Xiaohong Chen
9 (RLIN) 19122
245 ## - TITLE STATEMENT
Title Approaches to Quantitative Research:
Remainder of title A Guide for Dissertation students/
Statement of responsibility, etc. Edited Helen Xiaohong Chen
260 ## - PUBLICATION, DISTRIBUTION, ETC. (IMPRINT)
Place of publication, distribution, etc. Ireland:
Name of publisher, distributor, etc. Oak Tree Press,
Date of publication, distribution, etc. 2014.
300 ## - PHYSICAL DESCRIPTION
Extent xv,166p.:
Other physical details ill.,
Dimensions 23.5cm.
504 ## - BIBLIOGRAPHY, ETC. NOTE
Bibliography, etc Includes Indexes
650 ## - SUBJECT ADDED ENTRY--TOPICAL TERM
Topical term or geographic name as entry element Quantitative Research
9 (RLIN) 19123
942 ## - ADDED ENTRY ELEMENTS (KOHA)
Source of classification or shelving scheme Dewey Decimal Classification
Koha item type Open Shelf
Holdings
Withdrawn status Lost status Source of classification or shelving scheme Damaged status Not for loan Home library Current library Source of acquisition Inventory number Total Checkouts Full call number Barcode Date last seen Koha item type
    Dewey Decimal Classification     MUST Main Library MUST Main Library Donation 14/38523   001.4 APP 2014 2024-22352 12/09/2024 Open Shelf